000 00667nam a2200193 4500
999 _c170559
_d170559
005 20191217161607.0
010 _aENG-127179
020 _a9789352876570
_c785.00
035 _aEN-110711
037 _bDBAD/PUB
082 _a804.54
100 _aChowdhry, Prem
245 _aGender, power and identity :
_cby Harsh V.Pant
_bessays on masculinities in rural North India /
260 _aHyderabad
_bOrient Blackswan
_c2019
270 _a3-6-752 Himayatnagar, Hyderabad
_bTelangana
_e500029
_mindo@orientblackswan.com
300 _avii;288p .
_c22cm(pbk)
500 _aIncludes bibliographical references and index
942 _2ddc
_cEN
_h804.54
_mCHO